Gaming Quiz

Random Gaming or Popular Quiz

Get the Picture: Playstation vs Xbox Quiz Stats

 Plays Quiz not verified by Sporcle

Support Sporcle.
Go Orange.
Score 0/12 Timer 01:30
0 Plays Today
Question Answer Wrong Answers
Is owned by Microsoft? Xbox
87.4%
Playstation
5.1%
Has exclusives like Halo, Gears of War and Forza? Xbox
85.1%
Playstation
7.5%
Has the controller symbols A B X Y? Xbox
83.7%
Playstation
8.7%
Has the online service Live? Xbox
82.8%
Playstation
9%
Has exclusives like Uncharted, Bloodborne, and God of War? Playstation
82%
Xbox
10.4%
Released its console first? Playstation
79.4%
Xbox
12.5%
Has the World's best-selling video game console? Playstation
78.4%
Xbox
14.2%
Has the most consoles in its main series? Playstation
77.7%
Xbox
14.6%
Once developed the Super NES CD-ROM alongside Nintendo? Playstation
72.7%
Xbox
19.6%
Has an upcoming console code-named Project Scarlett? Xbox
69.6%
Playstation
22.5%
Once had CDs which were black underneath instead of shiny? Playstation
64.3%
Xbox
27.7%
Has a console which can play 4K Blu-rays? Xbox
35.9%
Playstation
56.4%

You're not logged in!

Compare scores with friends on all Sporcle quizzes.
OR
Log In

From the Vault

27 Most Common English Verbs

by mikschmvlg

Jump into action, and do well on this quiz.
Remove Ads.
Support Sporcle.
Get the best of Sporcle when you Go Orange. This ad-free experience offers more features, more stats, and more fun while also helping to support Sporcle. Thank you for becoming a member.

Show Comments

Extras

Top Quizzes Today


Score Distribution

Your Account Isn't Verified!

In order to create a playlist on Sporcle, you need to verify the email address you used during registration. Go to your Sporcle Settings to finish the process.

Report this User

Report this user for behavior that violates our Community Guidelines.

Details: